000 00875nam2a2200205 4500
001 RU\NLR\PER_A\003157707_000870
005 20250626173746.0
035 _a(NLR Aleph) 012042325
090 _a11609060
_c11609060
100 _a20190624d2008 |||y0rusy50 ca
101 0 _arus
102 _aRU
200 0 _aТ. 2, № 2
210 _d2008
_aБ. м.
461 0 _1001RU\NLR\Per\585387
_12001#$aФлебология$eнаучно-практический рецензируемый журнал$fАссоц. флебологов России$vТ. 2, № 2
_93071939
_cМосква
_d2008 -
_fАссоц. флебологов России
_nМедиа Сфера
_oнаучно-практический рецензируемый журнал
_tФлебология
_x1997-6976
_vТ. 2, № 2
852 _aNLR
_jП17/1331
942 _cISSUE
980 _aNB
980 _aRUSPER